Inseln mit Anfangsbuchstabe L - Statistiken

Allgemein
  • Dieses Quiz wurde 65 mal gespielt
  • Das Durchschnittsergebnis liegt bei 6 aus 14
Antwortstatistiken
Hinweise Antwort % Korrekt
Durch den in zwei Fällen vorangestellten spanischen Artikel fangen insgesamt drei Kanaren-Inseln mit "L" an. La Gomera, La Palma, Lanzarote
88%
Ostfriesische Insel zwischen Baltrum und Spiekeroog, mit der größten Silbermöwenkolonie Deutschlands. Langeoog
86%
580 v.Chr. dichtete Sappho hier Liebeslieder, 2020 brannte das Flüchtlingslager Moria ab. Lesbos
80%
Auf der kleinen Bodensee-Insel liegt die Altstadt der gleichnamigen bayrischen Kreisstadt. Lindau
69%
Die größte Pelagische Insel ist in jüngster Zeit als Hauptanlaufspunkt bei der Flucht von Afrika nach Europa berühmt geworden. Lampedusa
67%
Auf der einwohnerreichsten Insel der USA liegen die New Yorker Stadtteile Brooklyn und Queens. Zudem bekannt für besonderen Eistee. Long Island
55%
Die einzige Einwohnerin der Insel trägt ein Kupfergewand, eine Fackel in der rechten Hand sowie einen eigenartig-stachligen Hut. Liberty Island
45%
Größte Insel mit "L" und auch größte Insel der Philippinen. Die Metropolregion Manila ist eine der bevölkerungsreichsten der Welt. Luzon
37%
Es wird gerade ein Tunnel von Fehmarn zu dieser dänischen Insel gebaut, der die Fähre von Puttgarden nach Rødbyhavn ersetzt. Lolland
31%
Die Nachbar-Insel von Bali wurde ab 1980 touristisch erschlossen, insbesondere die Bali zugewandte Westküste mit den vorgelagerten Gili-Inseln. Lombok
27%
Hauptinsel der nach ihr benannten Inselgruppe nördlich von Sizilien. War angeblich in der Antike zeitweise kommunistisch. Lipari
18%
Auf der größten schottischen Insel findet man die Steine von Callanish, die größte frühgeschichtliche Steinformation aller Britischen Inseln. Lewis and Harris
12%
Im Oktober 1944 fand vor der Philippinen-Insel die größte See- und Luftschlacht der Geschichte statt. Leyte
8%
Kleine Insel zwischen Australien und Neuseeland, die 2019 komplett von den eingeschleppten Ratten befreit wurde, um die einzigartige natürliche Flora und Fauna wiederzubeleben. Lord-Howe-Island
4%
Keine übereinstimmenden Quizze gefunden
Verteilung der Resultate
Anzahl Personen mit jedem Resultat
Perzentil nach korrekt beantworteten Fragen
Ihre Resultats-Entwicklung
Sie haben dieses Quiz noch nicht gespielt